| 000 | 01690nam0a2200373 4500 | ||
|---|---|---|---|
| 001 | RU\NLR\BIBL_A\022599304 | ||
| 005 | 20260420051912.0 | ||
| 010 |
_a978-5-6052417-9-9 _92000 |
||
| 021 |
_aRU _bКН-П-25-035003 _9КН-П-25-3455 |
||
| 035 | _a(NLR Aleph) 022599304 | ||
| 090 |
_a13681138 _c13681138 |
||
| 100 | _a20250811d2025 u y0rusy50 ca | ||
| 101 | 1 |
_arus _ceng |
|
| 102 | _aRU | ||
| 105 | _aa z 000zy | ||
| 181 | 0 |
_ai _baxxe |
|
| 182 | 0 | _an | |
| 200 | 1 |
_aУроки психоанализа _eпсихопатология и клинический психоанализ для аналитиков в тренинге _fФранко Де Мази _gперевод с английского Анны Шаповал |
|
| 203 |
_aТекст _bвизуальный _cнепосредственный |
||
| 210 |
_aМосква _cBeta 2 Alpha _d2025 |
||
| 215 |
_a254, [1] с. _cил. _d22 |
||
| 300 | _aПер. изд.: Lessons in psychoanalysis / Franco De Masi. - Phoenix, 2023 | ||
| 300 | _aНа 4-й с. обл. авт.: Де Мази Ф. - врач-психиатр | ||
| 320 | _aБиблиогр.: с. 245-255 | ||
| 454 | 0 |
_12001#$aLessons in psychoanalysis$fFranco De Masi _1210##$aPhoenix$d2023 _1700#1$aDe Masi$bF.$f1940-$gFranco$3RU\NLR\AUTH\770285025 _tLessons in psychoanalysis _aDe Masi, Franco (1940-) |
|
| 606 | 1 |
_aПсихоанализ _9953300 _3RU\NLR\AUTH\66354833 |
|
| 686 | 1 | _aЮ91(0)6-736 | |
| 686 | 1 | _aЮ937-953.6 | |
| 700 | 1 |
_7ca _8rus _aДе Мази _bФ. _f1940- _gФранко _92679747 _3RU\NLR\AUTH\770285023 |
|
| 942 | _cBOOK | ||
| 980 | _aNB | ||